100 самых популярных фамилий в России - Statistics

General Stats
  • This quiz has been taken 475 times
  • The average score is 25 of 100
Answer Stats
Hint Answer % Correct
1 Иванов
95%
6 Петров
84%
60 Сидоров
60%
2 Смирнов
57%
3 Кузнецов
55%
31 Романов
49%
36 Александров
49%
13 Алексеев
46%
17 Павлов
46%
5 Васильев
45%
48 Медведев
45%
33 Сергеев
44%
8 Михайлов
43%
37 Дмитриев
42%
22 Андреев
41%
12 Волков
40%
4 Попов
39%
20 Николаев
38%
15 Семенов
35%
18 Козлов
35%
26 Зайцев
35%
28 Борисов
35%
10 Федоров
34%
42 Максимов
33%
16 Егоров
32%
7 Соколов
31%
19 Степанов
31%
24 Никитин
31%
49 Антонов
31%
70 Денисов
31%
47 Белов
30%
61 Матвеев
30%
21 Орлов
28%
23 Макаров
28%
30 Григорьев
28%
41 Ильин
28%
75 Данилов
28%
14 Лебедев
27%
25 Захаров
27%
32 Воробьев
27%
94 Воронин
27%
52 Баранов
26%
79 Чернов
26%
39 Гусев
25%
50 Тарасов
25%
58 Богданов
24%
77 Тимофеев
24%
89 Быков
23%
98 Голубев
23%
11 Морозов
22%
27 Соловьев
22%
51 Жуков
22%
64 Миронов
22%
29 Яковлев
21%
38 Королев
21%
76 Савельев
20%
34 Кузьмин
19%
44 Сорокин
19%
63 Марков
19%
67 Карпов
19%
53 Филиппов
18%
9 Новиков
17%
72 Тихонов
17%
86 Калинин
17%
62 Титов
16%
71 Гаврилов
15%
97 Пономарев
15%
35 Фролов
14%
43 Поляков
14%
54 Комаров
14%
68 Власов
14%
69 Мельников
14%
74 Афанасьев
14%
80 Абрамов
14%
84 Щербаков
14%
85 Назаров
14%
46 Ковалев
13%
55 Давыдов
13%
66 Куликов
13%
57 Герасимов
12%
78 Фомин
12%
82 Ефимов
12%
90 Маслов
12%
93 Лазарев
12%
56 Беляев
11%
59 Осипов
11%
65 Крылов
11%
81 Мартынов
11%
83 Федотов
11%
91 Родионов
11%
92 Коновалов
11%
95 Климов
11%
40 Киселев
10%
99 Кудрявцев
10%
100 Прохоров
10%
45 Виноградов
9%
73 Казаков
9%
87 Исаев
9%
88 Чернышев
6%
96 Филатов
6%
No matching quizzes found
Score Distribution
Percent of People with Each Score
Percentile by Number Answered
Your Score History
You have not taken this quiz